000 00328pab a2200145 454500
008 180718b1989 xxu||||| |||| 00| 0 eng d
100 _aJoshi, P.C.
245 _aMedia
_bRole of local radio
260 _c1989
300 _a11-13
362 _a20 May
650 _aRadio Braodcasting
773 _aMainstream
909 _a17006
999 _c17006
_d17006